| 000 | 00827nam a2200217Ia 4500 | ||
|---|---|---|---|
| 005 | 20241129111349.0 | ||
| 008 | 241129s9999||||xx |||||||||||||| ||und|| | ||
| 020 | _a978-93-91118-99-0 | ||
| 037 | _aTB | ||
| 040 |
_aCRL _bhin _cCRL |
||
| 041 |
_ahin _2hin |
||
| 084 |
_aU8 152R3 _qCRL |
||
| 100 |
_aशर्मा, ओम प्रकाश, ‘प्रकाश’, ले. _9724213 |
||
| 245 | 0 |
_aसब तो अपने हैं: यात्रा - वृत्तांत _cशर्मा, ओम प्रकाश, ‘प्रकाश’, ले. |
|
| 260 |
_aनई दिल्ली, भारत _bहंस प्रकाशन _c2023 |
||
| 300 | _a207पृ0 | ||
| 365 |
_aINR _b595 |
||
| 650 |
_aGeographyHuman Geography _9726343 |
||
| 942 |
_cTB _hU8 152R3 |
||
| 999 |
_c1230122 _d1230122 |
||